[Event "Titled Tuesday intern op 20th May Late"]
[Site "Chess.com INT"]
[Date "2025.05.20"]
[Round "5"]
[White "Howell, David"]
[Black "Meylan, Andre"]
[Result "1-0"]
[WhiteElo "2668"]
[BlackElo "2138"]
[PlyCount "41"]
[EventDate "2025.05.20"]
[EventType "swiss (blitz)"]
[EventRounds "11"]
[EventCountry "USA"]
[SourceTitle "CB22_2025"]
[SourceDate "2025.05.28"]
[SourceVersion "1"]
[SourceVersionDate "2025.05.28"]
[SourceQuality "1"]

1. d4 c5 2. d5 e5 3. e4 d6 4. Nc3 a6 5. a4 Be7 6. Be2 Bg5 7. Nf3 Bxc1 8. Qxc1 Ne7 9. Nd2 0-0 10. Nc4 f5 11. f4 fxe4 12. 0-0 Bf5 13. fxe5 dxe5 14. Qg5 Bg6 15. Rxf8+ Qxf8 16. Nb6 Ra7 17. Rf1 Qd8 18. d6 Nec6 19. Bc4+ Bf7 20. Rxf7 Qxg5 21. Rf2+ 1-0

[Event "Titled Tuesday intern op 06th May Early"]
[Site "Chess.com INT"]
[Date "2025.05.06"]
[Round "1"]
[White "Howell, David"]
[Black "Arencibia Monduy, Antonio"]
[Result "1-0"]
[WhiteElo "2668"]
[BlackElo "2115"]
[PlyCount "87"]
[EventDate "2025.05.06"]
[EventType "swiss (blitz)"]
[EventRounds "11"]
[EventCountry "USA"]
[SourceTitle "CB20_2025"]
[SourceDate "2025.05.14"]
[SourceVersion "1"]
[SourceVersionDate "2025.05.14"]
[SourceQuality "1"]

1. g3 e6 2. Bg2 d5 3. Nf3 Nf6 4. 0-0 c6 5. c4 Bd6 6. d4 0-0 7. Nc3 Nbd7 8. e4 dxe4 9. Ng5 Be7 10. Ngxe4 Nxe4 11. Nxe4 Nf6 12. Nc3 Bd7 13. Qe2 Rc8 14. Bf4 Re8 15. Rad1 Qa5 16. h4 b5 17. c5 b4 18. Ne4 Nxe4 19. Bxe4 Bf6 20. Be5 Qd8 21. Qa6 Ra8 22. Bxc6 Bxc6 23. Qxc6 Bxe5 24. dxe5 Qa5 25. Rd7 Rec8 26. Qf3 Rf8 27. Rc1 Rac8 28. c6 Qxe5 29. Rc2 a5 30. Kg2 h5 31. c7 Qb5 32. Qc6 Qf5 33. Rc5 Qb1 34. Rxa5 Qxb2 35. Rxh5 Qxa2 36. Rb5 b3 37. Qb7 Qc2 38. Rxb3 Qc4 39. Rf3 e5 40. Rf5 Qe6 41. Rfxf7 Rxf7 42. Qxc8+ Kh7 43. Rd8 Qc6+ 44. Kg1 1-0

[Event "Titled Tuesday intern op 06th May Early"]
[Site "Chess.com INT"]
[Date "2025.05.06"]
[Round "9"]
[White "Laddha, Shubh Jayesh"]
[Black "Howell, David"]
[Result "1-0"]
[WhiteElo "2303"]
[BlackElo "2668"]
[PlyCount "41"]
[EventDate "2025.05.06"]
[EventType "swiss (blitz)"]
[EventRounds "11"]
[EventCountry "USA"]
[SourceTitle "CB20_2025"]
[SourceDate "2025.05.14"]
[SourceVersion "1"]
[SourceVersionDate "2025.05.14"]
[SourceQuality "1"]

1. e4 e6 2. d4 d5 3. Nc3 dxe4 4. Nxe4 Bd7 5. Nf3 Bc6 6. Bd3 Nd7 7. Bf4 Ngf6 8. Nxf6+ Nxf6 9. Qe2 Bxf3 10. Qxf3 c6 11. 0-0 Qd5 12. Qe2 Rd8 13. Rad1 Bd6 14. Be5 0-0 15. c4 Qa5 16. Bxf6 gxf6 17. c5 Bb8 18. Bxh7+ Kh8 19. Rd3 Rd5 20. Be4 Rg5 21. f4 1-0

[Event "Titled Tuesday intern op 01st Apr Early"]
[Site "Chess.com INT"]
[Date "2025.04.01"]
[Round "7"]
[White "Howell, David"]
[Black "Ismagilov, Damir"]
[Result "1-0"]
[WhiteElo "2668"]
[BlackElo "2173"]
[PlyCount "75"]
[EventDate "2025.04.01"]
[EventType "swiss (blitz)"]
[EventRounds "11"]
[EventCountry "USA"]
[SourceTitle "CB15_2025"]
[SourceDate "2025.04.09"]
[SourceVersion "1"]
[SourceVersionDate "2025.04.09"]
[SourceQuality "1"]

1. b3 e5 2. Bb2 Nc6 3. g3 d5 4. Bg2 Nf6 5. e3 Bg4 6. Ne2 Qd7 7. h3 Be6 8. d3 h5 9. a3 0-0-0 10. Nd2 Bc5 11. b4 Bd6 12. Nb3 Qe7 13. Qd2 e4 14. Ned4 Nxd4 15. Bxd4 Kb8 16. Qc3 Bc8 17. Bxf6 gxf6 18. h4 Be5 19. d4 Bd6 20. Bf1 Bg4 21. Be2 Qe6 22. Qd2 Rhg8 23. 0-0-0 Qf5 24. Bxg4 Rxg4 25. Kb2 Qf3 26. Rhe1 Rg6 27. Rc1 f5 28. c4 dxc4 29. Rxc4 Re6 30. Qe2 Qg2 31. Rc2 Rh6 32. Na5 a6 33. b5 Bf8 34. Ka2 Rb6 35. Rb1 axb5 36. Rxb5 Rxb5 37. Qxb5 b6 38. Qc6 1-0

[Event "Titled Tuesday intern op 01st Apr Early"]
[Site "Chess.com INT"]
[Date "2025.04.01"]
[Round "1"]
[White "Punin, Andrii"]
[Black "Howell, David"]
[Result "0-1"]
[WhiteElo "2289"]
[BlackElo "2668"]
[PlyCount "112"]
[EventDate "2025.04.01"]
[EventType "swiss (blitz)"]
[EventRounds "11"]
[EventCountry "USA"]
[SourceTitle "CB15_2025"]
[SourceDate "2025.04.09"]
[SourceVersion "1"]
[SourceVersionDate "2025.04.09"]
[SourceQuality "1"]

1. e4 d5 2. exd5 Nf6 3. h3 Qxd5 4. Nc3 Qd6 5. Nf3 Bf5 6. Bc4 e6 7. 0-0 c6 8. Nh4 Bg6 9. d3 Nbd7 10. a4 Qc7 11. Qe2 Be7 12. Nxg6 hxg6 13. Ne4 Nd5 14. Bb3 N7f6 15. Nxf6+ Bxf6 16. Rb1 0-0-0 17. Qf3 Rh4 18. c3 Rdh8 19. d4 g5 20. Bxd5 cxd5 21. Qg3 g4 22. Qxc7+ Kxc7 23. Bf4+ Kd7 24. Kh2 gxh3 25. g3 R4h7 26. Rfe1 g5 27. Be5 Bxe5 28. Rxe5 f6 29. Re2 g4 30. Rf1 Rg8 31. f3 f5 32. fxg4 Rxg4 33. Rfe1 Rh6 34. Rf1 Kd6 35. Rf3 b6 36. Re1 a6 37. a5 b5 38. b4 Re4 39. Ree3 Ke7 40. Kh1 Kf6 41. Kh2 Kg5 42. Rxe4 dxe4 43. Rf1 Rh7 44. Rd1 Kg4 45. d5 exd5 46. Rxd5 Re7 47. Rd4 Kf3 48. Rd5 f4 49. Rf5 e3 50. Rxf4+ Ke2 51. Kxh3 Kd2 52. c4 e2 53. Rf2 bxc4 54. b5 axb5 55. a6 c3 56. a7 Rxa7 0-1

[Event "Titled Tuesday intern op 25th Mar Early"]
[Site "Chess.com INT"]
[Date "2025.03.25"]
[Round "7"]
[White "Bologan, Viktor"]
[Black "Howell, David"]
[Result "0-1"]
[WhiteElo "2607"]
[BlackElo "2668"]
[PlyCount "94"]
[EventDate "2025.03.25"]
[EventType "swiss (blitz)"]
[EventRounds "11"]
[EventCountry "USA"]
[SourceTitle "CB14_2025"]
[SourceDate "2024.11.01"]
[SourceVersion "1"]
[SourceVersionDate "2024.11.01"]
[SourceQuality "1"]

1. e4 e6 2. d3 d5 3. Nd2 g6 4. Ngf3 Bg7 5. g3 c5 6. Bg2 Nc6 7. 0-0 Nge7 8. c3 0-0 9. Re1 Qc7 10. Nf1 b6 11. Qe2 dxe4 12. dxe4 Rd8 13. e5 a5 14. a4 Ba6 15. Qe4 Bd3 16. Qf4 Nd5 17. Qh4 Nxe5 18. Nxe5 Bxe5 19. Bg5 Re8 20. c4 Nb4 21. Bxa8 Rxa8 22. Rad1 Re8 23. Ne3 f5 24. Rd2 Bd4 25. Red1 Be4 26. Rxd4 cxd4 27. Rxd4 Nc6 28. Rd1 Ne5 29. Qf4 Nf3+ 30. Kf1 Nxh2+ 31. Ke1 Nf3+ 32. Ke2 e5 33. Qxf3 Bxf3+ 34. Kxf3 Qc6+ 35. Ke2 Kf7 36. Rd5 Re6 37. Rb5 Kg7 38. b3 h6 39. Bd8 Qe4 40. f3 Qb1 41. Bxb6 f4 42. gxf4 exf4 43. Bd4+ Kf7 44. Rb7+ Ke8 45. Rb8+ Kd7 46. Rb7+ Kc8 47. Rb8+ Kxb8 0-1

[Event "Titled Tuesday intern op 25th Mar Early"]
[Site "Chess.com INT"]
[Date "2025.03.25"]
[Round "3"]
[White "Gorovets, Andrey"]
[Black "Howell, David"]
[Result "1-0"]
[WhiteElo "2465"]
[BlackElo "2668"]
[PlyCount "67"]
[EventDate "2025.03.25"]
[EventType "swiss (blitz)"]
[EventRounds "11"]
[EventCountry "USA"]
[SourceTitle "CB14_2025"]
[SourceDate "2024.11.01"]
[SourceVersion "1"]
[SourceVersionDate "2024.11.01"]
[SourceQuality "1"]

1. c4 e6 2. Nf3 d5 3. g3 g6 4. d4 Bg7 5. Bg2 Ne7 6. 0-0 0-0 7. Qc2 Nbc6 8. Rd1 b6 9. cxd5 exd5 10. Bf4 Bb7 11. Nc3 Rc8 12. Bh3 f5 13. Rac1 h6 14. Bg2 g5 15. Be5 Nxe5 16. Nxe5 c6 17. f4 Qd6 18. Qa4 Ra8 19. b4 Kh7 20. e3 a5 21. b5 c5 22. Qa3 Rac8 23. Na4 Rc7 24. dxc5 bxc5 25. Rxc5 Rfc8 26. Rc3 Qxa3 27. Rxa3 Bxe5 28. fxe5 Kg7 29. Nb6 Rb8 30. Rxa5 Ng6 31. e6 Kf6 32. Nxd5+ Bxd5 33. Bxd5 Rb6 34. a4 1-0

[Event "Titled Tuesday intern op 25th Mar Early"]
[Site "Chess.com INT"]
[Date "2025.03.25"]
[Round "4"]
[White "Howell, David"]
[Black "Southcott Moyers, Indy"]
[Result "1-0"]
[WhiteElo "2668"]
[BlackElo "2227"]
[PlyCount "263"]
[EventDate "2025.03.25"]
[EventType "swiss (blitz)"]
[EventRounds "11"]
[EventCountry "USA"]
[SourceTitle "CB14_2025"]
[SourceDate "2024.11.01"]
[SourceVersion "1"]
[SourceVersionDate "2024.11.01"]
[SourceQuality "1"]

1. c3 d5 2. d4 Nf6 3. Bg5 Ne4 4. Bf4 c5 5. e3 Nc6 6. Bd3 cxd4 7. exd4 g6 8. Qe2 Bf5 9. g4 Be6 10. f3 Nd6 11. Nh3 Bg7 12. Nd2 h6 13. Bxg6 Qd7 14. Bd3 0-0-0 15. 0-0-0 f6 16. Nb3 b6 17. Bg3 Kb7 18. Rhe1 Bf7 19. f4 h5 20. Nf2 hxg4 21. Qxg4 Qxg4 22. Nxg4 Bh5 23. Be2 Ne4 24. Nd2 f5 25. Ne3 Bxe2 26. Rxe2 e6 27. Rg1 Bh6 28. Reg2 Rdg8 29. Kd1 Rg7 30. Nf3 Rhg8 31. Ke2 Ne7 32. Ne5 Nc6 33. Nxc6 Kxc6 34. Kf3 Kd7 35. Be1 Rxg2 36. Rxg2 Rxg2 37. Nxg2 Ke7 38. Bh4+ Kf7 39. Be1 a6 40. Ne3 b5 41. Nc2 Bf8 42. Bh4 Kg6 43. Ne1 Bd6 44. Nd3 Kh5 45. Be1 Kg6 46. a3 Kh5 47. Bg3 Kg6 48. Bh4 Kh5 49. Bd8 Kg6 50. Bb6 Kh5 51. Bc5 Bc7 52. Nb4 a5 53. Nd3 Kg6 54. Be7 a4 55. Bb4 Nd2+ 56. Ke2 Ne4 57. Bf8 Bb8 58. Kf3 Bc7 59. Be7 Bb6 60. Bh4 Bc7 61. Be1 Bd6 62. Bh4 Kh5 63. Bd8 Kg6 64. Ba5 Kh5 65. Bb4 Bc7 66. Be7 Kg6 67. Ke3 Kf7 68. Bh4 Kg6 69. Be1 Kf7 70. Kf3 Kg6 71. Nc1 Kf7 72. Ne2 Kg6 73. Nc1 Kf7 74. Na2 Bd6 75. Ke3 Kg6 76. Nc1 Kh5 77. h3 Be7 78. Nd3 Bd6 79. Kf3 Bc7 80. Nb4 Bd6 81. Nc6 Kg6 82. Na7 Be7 83. Nxb5 Bd8 84. Na7 Bb6 85. Nc6 Kf6 86. Ne5 Ke7 87. Bh4+ Ke8 88. Nd3 Bc7 89. Bg5 Nd2+ 90. Ke2 Nc4 91. h4 Kf7 92. h5 Kg7 93. Kd1 Bd6 94. Kc1 Kh7 95. Kb1 Nd2+ 96. Kc2 Nc4 97. Ne1 Bc7 98. Nf3 Bd6 99. Kb1 Bc7 100. Ka2 Bd6 101. Nh4 Bf8 102. Ng6 Bd6 103. Nh4 Bc7 104. Ng2 Bd6 105. Ne1 Bc7 106. Nc2 Bd6 107. b3 axb3+ 108. Kxb3 Nd2+ 109. Ka2 Nc4 110. a4 Nb6 111. Kb3 Nc4 112. Nb4 Na5+ 113. Kc2 Nc4 114. Nd3 Kg7 115. Kb3 Na5+ 116. Kc2 Nc4 117. Nb2 Na5 118. Kd3 Kf7 119. Nd1 Nc4 120. Ne3 Na5 121. c4 dxc4+ 122. Nxc4 Nb7 123. Nxd6+ Nxd6 124. a5 Nb5 125. a6 Na7 126. Kc4 Kg7 127. Kc5 Kh7 128. Kb6 Nc8+ 129. Kb7 Nd6+ 130. Kc6 Nc8 131. Kd7 Nb6+ 132. Kxe6 1-0

[Event "Titled Tuesday intern op 04th Mar Early"]
[Site "Chess.com INT"]
[Date "2025.03.04"]
[Round "8"]
[White "Howell, David"]
[Black "Harsh, Suresh"]
[Result "1/2-1/2"]
[WhiteElo "2668"]
[BlackElo "2389"]
[PlyCount "109"]
[EventDate "2025.03.04"]
[EventType "swiss (blitz)"]
[EventRounds "11"]
[EventCountry "USA"]
[SourceTitle "CB11_2025"]
[SourceDate "2025.03.12"]
[SourceVersion "1"]
[SourceVersionDate "2025.03.12"]
[SourceQuality "1"]

1. d4 d5 2. Nf3 Nf6 3. e3 Bg4 4. c4 e6 5. Qb3 Qc8 6. Ne5 Bf5 7. Nc3 c6 8. Bd2 Nbd7 9. Rc1 Nxe5 10. dxe5 Ne4 11. Nxe4 Bxe4 12. f3 Bg6 13. cxd5 exd5 14. Bd3 Be7 15. 0-0 0-0 16. f4 Bxd3 17. Qxd3 f6 18. Bc3 fxe5 19. Bxe5 Qe6 20. Qb3 b5 21. e4 Rad8 22. Rfe1 Bf6 23. exd5 Qxd5 24. Rxc6 Qxb3 25. axb3 Bxe5 26. fxe5 Rd2 27. e6 Rxb2 28. Rc3 Rff2 29. Rc8+ Rf8 30. Rc3 Rff2 31. Rg3 Rfe2 32. Rc1 Rxe6 33. h3 Rg6 34. Rc8+ Kf7 35. Rc7+ Ke6 36. Rc6+ Kf5 37. Rc5+ Ke4 38. Rxg6 hxg6 39. Rxb5 Kf4 40. Rb7 Kg3 41. Kf1 Rb1+ 42. Ke2 Kxg2 43. h4 Kh3 44. Rxg7 Kxh4 45. Rxg6 Rxb3 46. Ra6 Rb7 47. Kd3 Kg5 48. Kc4 Kf5 49. Kc5 Ke5 50. Ra1 Rc7+ 51. Kb5 Kd6 52. Rd1+ Ke7 53. Ka6 Rd7 54. Rxd7+ Kxd7 55. Kxa7 1/2-1/2

[Event "Titled Tuesday intern op 04th Mar Early"]
[Site "Chess.com INT"]
[Date "2025.03.04"]
[Round "10"]
[White "Howell, David"]
[Black "Materia, Marco"]
[Result "1-0"]
[WhiteElo "2668"]
[BlackElo "2486"]
[PlyCount "159"]
[EventDate "2025.03.04"]
[EventType "swiss (blitz)"]
[EventRounds "11"]
[EventCountry "USA"]
[SourceTitle "CB11_2025"]
[SourceDate "2025.03.12"]
[SourceVersion "1"]
[SourceVersionDate "2025.03.12"]
[SourceQuality "1"]

1. d4 Nf6 2. Nf3 d5 3. e3 Bf5 4. c4 e6 5. Qb3 b6 6. Nc3 c6 7. Nh4 Bg6 8. Bd2 Bd6 9. Rc1 0-0 10. g3 Ne4 11. Nxe4 Bxe4 12. f3 Bg6 13. Bg2 Nd7 14. 0-0 Rc8 15. Rfd1 dxc4 16. Rxc4 c5 17. Nxg6 hxg6 18. Bc3 Qe7 19. f4 Nf6 20. Bf3 cxd4 21. Rcxd4 Bc5 22. R4d3 Rfd8 23. Kg2 Nd5 24. Bd2 a5 25. a3 a4 26. Qb5 Nc7 27. Rxd8+ Rxd8 28. Qxa4 Nd5 29. Qb3 Nf6 30. Bc1 Rxd1 31. Qxd1 e5 32. b4 Bd6 33. Qc2 exf4 34. exf4 Qe1 35. Qd2 Qe6 36. Bb2 Be7 37. Qe2 Qd6 38. Be5 Qd7 39. Qf2 Bd8 40. Qd4 Qc8 41. Qc3 Qa6 42. Qe3 Qc4 43. h4 Qa2+ 44. Kh3 Qe6+ 45. g4 Nd5 46. Qd4 Nxf4+ 47. Bxf4 Bf6 48. Qe4 Qb3 49. g5 Bb2 50. Qe3 Qa2 51. Qxb6 Qxa3 52. Kg2 Bc3 53. b5 Qb2+ 54. Qf2 Qxb5 55. Qe3 Bb2 56. Qe2 Qb4 57. Bg3 Bd4 58. Kh3 Qb1 59. Kg2 Qf5 60. Be4 Qe6 61. Qf3 Qa2+ 62. Kh3 Qe6+ 63. Qg4 Qc4 64. Kh2 Qa2+ 65. Kh3 Qc4 66. Qd1 Qc3 67. Bd5 Be5 68. Qf3 Qc8+ 69. Kg2 Qc2+ 70. Bf2 Qc7 71. h5 gxh5 72. g6 Bf6 73. Bxf7+ Kf8 74. Qa3+ Be7 75. Qa8+ Qd8 76. Qf3 h4 77. Kh3 Bf6 78. Bc5+ Be7 79. Be6+ Ke8 80. Qf7# 1-0

[Event "Titled Tuesday intern op 25th Feb Early"]
[Site "Chess.com INT"]
[Date "2025.02.25"]
[Round "10"]
[White "Howell, David"]
[Black "Ebrahimi Herab, Hamidreza"]
[Result "1-0"]
[WhiteElo "2668"]
[BlackElo "2417"]
[PlyCount "127"]
[EventDate "2025.02.25"]
[EventType "swiss (blitz)"]
[EventRounds "11"]
[EventCountry "USA"]
[SourceTitle "CB10_2025"]
[SourceDate "2025.03.05"]
[SourceVersion "1"]
[SourceVersionDate "2025.03.05"]
[SourceQuality "1"]

1. e4 c5 2. c3 d5 3. exd5 Qxd5 4. d4 Nc6 5. Nf3 Bf5 6. Be3 e6 7. Nbd2 Nf6 8. Bc4 Qd8 9. dxc5 Ng4 10. Qe2 Nxe3 11. Qxe3 Qc7 12. 0-0 Be7 13. b4 0-0 14. Nb3 a5 15. a3 Bf6 16. Nbd4 Bg6 17. Rad1 axb4 18. axb4 Ne5 19. Nxe5 Bxe5 20. g3 Bf6 21. Nb5 Qe7 22. h4 Rfd8 23. Rd6 Rxd6 24. Nxd6 b6 25. Qf3 Rb8 26. h5 Bc2 27. Ra1 bxc5 28. bxc5 Be5 29. Qe2 Bxc3 30. Rc1 Bd4 31. Rxc2 Bxc5 32. Ne4 Bd4 33. Kg2 h6 34. Nd2 Rd8 35. Qe4 Qf6 36. Nf3 Bb6 37. Ra2 Kf8 38. Ra8 Rxa8 39. Qxa8+ Qd8 40. Qxd8+ Bxd8 41. Nd2 Bc7 42. Ne4 Ke7 43. Kf3 Be5 44. Nc5 Bd4 45. Nd3 Bb6 46. Bb3 Bd4 47. Ke4 Bb6 48. g4 Bc7 49. f3 Bb8 50. Nb4 Bd6 51. Nc6+ Kf8 52. Ne5 Ke7 53. Nc6+ Kf8 54. Nd4 Ke7 55. f4 Bc7 56. f5 exf5+ 57. Kxf5 Bb6 58. Nc6+ Kf8 59. Ne5 Kg8 60. Nxf7 Kh7 61. Bc2 Kg8 62. Kg6 Bc7 63. Bb3 Kf8 64. Bd5 1-0

[Event "Titled Tuesday intern op 25th Feb Early"]
[Site "Chess.com INT"]
[Date "2025.02.25"]
[Round "11"]
[White "Zhigalko, Sergei"]
[Black "Howell, David"]
[Result "1-0"]
[WhiteElo "2572"]
[BlackElo "2668"]
[PlyCount "53"]
[EventDate "2025.02.25"]
[EventType "swiss (blitz)"]
[EventRounds "11"]
[EventCountry "USA"]
[SourceTitle "CB10_2025"]
[SourceDate "2025.03.05"]
[SourceVersion "1"]
[SourceVersionDate "2025.03.05"]
[SourceQuality "1"]

1. e4 c6 2. d4 d5 3. e5 Bf5 4. Nf3 e6 5. Be2 Ne7 6. 0-0 Ng6 7. Ne1 h5 8. Bd3 Bxd3 9. Nxd3 c5 10. dxc5 Nd7 11. b4 a5 12. c3 Ndxe5 13. Nxe5 Nxe5 14. Re1 Ng6 15. Na3 Be7 16. Nb5 h4 17. Qg4 Qd7 18. Nd4 e5 19. Nf5 Bf6 20. Bg5 Ra6 21. b5 Re6 22. Rab1 Kf8 23. h3 Kg8 24. c6 bxc6 25. b6 Qb7 26. Bxf6 gxf6 27. c4 1-0

[Event "Titled Tuesday intern op 04th Feb Late"]
[Site "Chess.com INT"]
[Date "2025.02.04"]
[Round "10"]
[White "Howell, David"]
[Black "Qi, Jenny"]
[Result "1-0"]
[WhiteElo "2668"]
[BlackElo "1787"]
[PlyCount "55"]
[EventDate "2025.02.04"]
[EventType "swiss (blitz)"]
[EventRounds "11"]
[EventCountry "USA"]
[SourceTitle "CB07_2025"]
[SourceDate "2025.02.12"]
[SourceVersion "1"]
[SourceVersionDate "2025.02.12"]
[SourceQuality "1"]

1. d4 Nf6 2. Nc3 d5 3. Bf4 a6 4. e3 h6 5. h4 e6 6. g4 Bb4 7. f3 c5 8. Nge2 Nc6 9. a3 cxd4 10. axb4 dxc3 11. bxc3 Bd7 12. Nd4 Nxd4 13. Qxd4 Rc8 14. Kf2 Bc6 15. Bd3 Qd7 16. g5 hxg5 17. hxg5 Nh5 18. Be5 Bb5 19. Bxg7 Bxd3 20. cxd3 Rh7 21. Bh6 f6 22. Rxh5 Qf7 23. Rah1 e5 24. Qb6 Rxc3 25. gxf6 Rc2+ 26. Ke1 Rc1+ 27. Kd2 Rxh1 28. Rxh1 1-0

[Event "Titled Tuesday intern op 14th Jan Early"]
[Site "Chess.com INT"]
[Date "2025.01.14"]
[Round "8"]
[White "Howell, David"]
[Black "Lai, Duc Minh1"]
[Result "1-0"]
[WhiteElo "2673"]
[BlackElo "2073"]
[PlyCount "65"]
[EventDate "2025.01.14"]
[EventType "swiss (blitz)"]
[EventRounds "11"]
[EventCountry "USA"]
[SourceTitle "CB04_2025"]
[SourceDate "2025.01.22"]
[SourceVersion "1"]
[SourceVersionDate "2025.01.22"]
[SourceQuality "1"]

1. c3 d6 2. d4 f5 3. Bg5 c6 4. e3 g6 5. Nd2 Bg7 6. Bd3 h6 7. Bh4 Qc7 8. Ne2 Be6 9. e4 fxe4 10. Nxe4 Bf7 11. Qc2 Nd7 12. 0-0 g5 13. Bg3 Ngf6 14. Rae1 Nh5 15. f4 d5 16. fxg5 Nxg3 17. N4xg3 hxg5 18. Bg6 Bf6 19. Qf5 Bxg6 20. Qxg6+ Kd8 21. Nc1 Qd6 22. Qf5 Rf8 23. Qg4 e5 24. Nh5 exd4 25. Re6 Qc5 26. Nb3 Qb6 27. Nxf6 dxc3+ 28. Kh1 Nxf6 29. Rfxf6 Rxf6 30. Rxf6 cxb2 31. Rd6+ Kc7 32. Qd7+ Kb8 33. Qe8+ 1-0

[Event "Titled Tuesday intern op 14th Jan Early"]
[Site "Chess.com INT"]
[Date "2025.01.14"]
[Round "10"]
[White "Mekhitarian, Krikor Sevag"]
[Black "Howell, David"]
[Result "0-1"]
[WhiteElo "2562"]
[BlackElo "2673"]
[PlyCount "80"]
[EventDate "2025.01.14"]
[EventType "swiss (blitz)"]
[EventRounds "11"]
[EventCountry "USA"]
[SourceTitle "CB04_2025"]
[SourceDate "2025.01.22"]
[SourceVersion "1"]
[SourceVersionDate "2025.01.22"]
[SourceQuality "1"]

1. Nf3 e6 2. c4 b6 3. d4 Bb7 4. Nc3 Bb4 5. Bd2 f5 6. d5 Nf6 7. g3 0-0 8. Bg2 a5 9. 0-0 Na6 10. Nd4 Qe8 11. a3 Bxc3 12. Bxc3 Ne4 13. Qc2 exd5 14. cxd5 Bxd5 15. Rad1 c6 16. Be1 Qf7 17. f3 Nd6 18. e4 Bc4 19. Rf2 c5 20. b3 cxd4 21. bxc4 Qxc4 22. Qxc4+ Nxc4 23. Rxd4 Nxa3 24. Rxd7 Nc5 25. Re7 Nc4 26. Bc3 Rf7 27. Rxf7 Kxf7 28. exf5 a4 29. f4 Rd8 30. Rc2 b5 31. Kf2 a3 32. Bf1 Ne4+ 33. Ke1 Nxc3 34. Rxc3 Ra8 35. Bxc4+ bxc4 36. Rc1 Kf6 37. g4 a2 38. Ra1 h5 39. h3 Ra3 40. Kd2 Rxh3 0-1

[Event "Bundesliga 2425"]
[Site "Germany"]
[Date "2025.01.11"]
[Round "5.2"]
[White "Howell, David"]
[Black "L'Ami, Erwin"]
[Result "0-1"]
[WhiteElo "2677"]
[BlackElo "2628"]
[PlyCount "100"]
[EventDate "2024.09.28"]
[EventType "team-tourn"]
[EventRounds "15"]
[EventCountry "GER"]
[SourceTitle "CB06_2025"]
[SourceDate "2025.02.05"]
[SourceVersion "1"]
[SourceVersionDate "2025.02.05"]
[SourceQuality "1"]
[WhiteTeam "St Pauli"]
[BlackTeam "Solingen"]
[WhiteTeamCountry "GER"]
[BlackTeamCountry "GER"]

1. Nf3 c5 2. c4 Nc6 3. d4 cxd4 4. Nxd4 g6 5. e4 Bg7 6. Be3 Qb6 7. Nb3 Qd8 8. Nd4 Qb6 9. Nb5 Qa5+ 10. N1c3 Nf6 11. f3 d6 12. Be2 0-0 13. 0-0 a6 14. Nd4 Nxd4 15. Bxd4 Be6 16. b3 Rfc8 17. f4 b5 18. f5 Bd7 19. Kh1 Bc6 20. a3 Rab8 21. e5 dxe5 22. Bxe5 bxc4 23. Bxb8 Rxb8 24. b4 Qe5 25. Bf3 gxf5 26. Rc1 Bxf3 27. Qxf3 e6 28. g3 Ng4 29. Qf4 Rc8 30. h3 Ne3 31. Qxe5 Bxe5 32. Rfe1 Bxc3 33. Rxc3 Nd5 34. Rc2 h5 35. Kg2 Kg7 36. Kf3 Kf6 37. Rd1 c3 38. Rd4 Ke5 39. Rd1 Rc4 40. Re1+ Kd6 41. Rb1 Kc6 42. Ke2 Re4+ 43. Kf2 Rd4 44. Ke1 Rd3 45. Rg2 Ne3 46. Rg1 Rd2 47. Rb3 Rc2 48. a4 Kd5 49. b5 Kc4 50. bxa6 Kd3 0-1

[Event "Olympiad-45"]
[Site "Budapest"]
[Date "2024.09.22"]
[Round "11.2"]
[White "Haring, Filip"]
[Black "Howell, David"]
[Result "0-1"]
[WhiteElo "2503"]
[BlackElo "2677"]
[PlyCount "116"]
[EventDate "2024.09.11"]
[EventType "team-swiss"]
[EventRounds "11"]
[EventCountry "HUN"]
[SourceTitle "EXT 2025"]
[Source "ChessBase"]
[SourceDate "2024.10.14"]
[SourceVersion "1"]
[SourceVersionDate "2024.10.14"]
[SourceQuality "1"]
[WhiteTeam "Slovakia"]
[BlackTeam "England"]
[WhiteTeamCountry "SVK"]
[BlackTeamCountry "ENG"]

1. e4 c6 2. d4 d5 3. e5 Bf5 4. Nd2 e6 5. Nb3 Nd7 6. Nf3 Qc7 7. Be2 c5 8. dxc5 Bxc5 9. Nxc5 Nxc5 10. 0-0 Ne7 11. Nd4 a6 12. f4 b5 13. c3 Be4 14. Rf2 0-0 15. Bf1 Rac8 16. Be3 Qd7 17. g3 Rc7 18. Rd2 Rb8 19. Rc1 Qc8 20. h4 Nd7 21. Rf2 Nb6 22. g4 Nc4 23. Bxc4 dxc4 24. h5 h6 25. Qf1 b4 26. Re1 bxc3 27. bxc3 Rcb7 28. Bc1 Bd3 29. Qh3 Rb1 30. f5 Ra1 31. fxe6 fxe6 32. Qf3 Kh8 33. Qf7 Ng8 34. g5 hxg5 35. Rg2 Nh6 36. Qe7 g4 37. Kh2 Qe8 38. Qh4 Rbb1 39. Bxh6 Rxe1 40. Bxg7+ Kh7 41. Kg3 Re3+ 42. Kf4 Re4+ 43. Kg3 Re3+ 44. Kf4 Rh3 45. Qg5 Rxh5 46. Qxg4 Re1 47. Kg3 Re4 48. Qf3 Rg5+ 49. Kf2 Rxg2+ 50. Qxg2 Qf7+ 51. Bf6 Rxe5 52. Qf3 Ra5 53. Ke3 Rh5 54. Nc6 Rh6 55. Be5 Qxf3+ 56. Kxf3 Kg6 57. Ke3 Rh4 58. Bf4 Kf6 0-1

[Event "Olympiad-45"]
[Site "Budapest"]
[Date "2024.09.18"]
[Round "7.2"]
[White "Howell, David"]
[Black "Sargsyan, Shant"]
[Result "1/2-1/2"]
[WhiteElo "2677"]
[BlackElo "2649"]
[PlyCount "115"]
[EventDate "2024.09.11"]
[EventType "team-swiss"]
[EventRounds "11"]
[EventCountry "HUN"]
[SourceTitle "EXT 2025"]
[Source "ChessBase"]
[SourceDate "2024.10.14"]
[SourceVersion "1"]
[SourceVersionDate "2024.10.14"]
[SourceQuality "1"]
[WhiteTeam "England"]
[BlackTeam "Armenia"]
[WhiteTeamCountry "ENG"]
[BlackTeamCountry "ARM"]

1. e4 e5 2. Nf3 Nc6 3. Bb5 a6 4. Ba4 Nf6 5. 0-0 Be7 6. Re1 b5 7. Bb3 0-0 8. a4 b4 9. d3 d6 10. Nbd2 Na5 11. Ba2 c5 12. c3 Rb8 13. d4 Qc7 14. dxe5 dxe5 15. Nc4 b3 16. Nxa5 bxa2 17. Nc4 Be6 18. Qe2 Nd7 19. Rxa2 Nb6 20. Nfd2 Rfd8 21. Ra3 a5 22. b3 Nxc4 23. Nxc4 h6 24. h3 Rb7 25. Be3 Rdb8 26. Rb1 Bf8 27. Rb2 Be7 28. Rb1 Bf8 29. Rb2 Be7 30. Kh1 Bf8 31. Qf1 Be7 32. Qe2 Bf8 33. Qf1 Be7 34. f3 Bf8 35. Qe2 Kh8 36. Qf1 Kg8 37. Qe2 Kh8 38. Bg1 Kh7 39. Qf1 Kh8 40. Qe2 Kh7 41. Qf1 Kh8 42. Bf2 Kh7 43. Qe2 Kh8 44. Qf1 Kh7 45. Qe2 Kh8 46. Kg1 Kh7 47. Qf1 Kh8 48. Qe2 Kh7 49. g4 Be7 50. Kg2 Bg5 51. Rb1 Bf4 52. Bg3 Kg8 53. h4 g6 54. Kf2 Kh7 55. Kg2 Kg8 56. Kf2 Kh7 57. Kg2 Kg8 58. Bf2 1/2-1/2